000 01581cam a22001694a 4500
005 20250605163453.0
008 250528s ||||||||||||||||||||||||d
035 _a19907
040 _aGR-AtMCL
_bgre
_dGR-AtMCL
_eAACR2
245 1 _aΤο Linux για χρήσεις Windows / Πλήρης έκδοση SuSE Linux Professional με όλα τα Updates
260 _bΔημοσιογραφικός Οργανισμός Λαμπράκη,
_c2006
300 _a146
520 _aΠεριέχει συνοδευτικά DVD-ROM. Εξορκίζοντας τις Προκαταλήψεις, Ποιός είναι αυτός ο Κύριος Tux, Linux για Όλους, Βασικές Έννοιες και Εγκατάσταση, Γραφικό Καλωσόρισμα, Ανοιχτά Παράθυρα, (Δια)δικτύωση, Linux αλά Ελληνικά, Χρήστης Καλεί Πυρήνα, Χορεύοντας με τους Πιγκουίνους, Ήρεμη Δύναμη, Παραθυρικές Εφαρμογές, Το Δέντρο της Γνώσης, Κέλυφος και Αρχεία, Ενισχυμένο Κέλυφος, Έξυπνη Αλληλεπίδραση, Ολοκληρωμένη Δημιουργία, Ανοίγοντας το Δρόμο, Λιγότερο Σαματά, Γρηγορότερη Πλοήγηση, Αποθηκευτικά Κοινόβια, Κάτι για τους Απέξω, Δικτυακή Παρουσία, Μυστικές Συνεδρίες, Hacking με τον Πιγκουίνο.
942 _cBK
999 _c5149
_d5149